Statistics for Formula 1 Grand Prixs - Bridesmaids, never the Bride - 1950s

Click here to take the quiz!

General Stats

  • This quiz has been taken 32 times
    (29 since last reset)
  • The average score is 10 of 24

Answer Stats

No. of PodiumsNationalityPodium YearsDRIVER% Correct
9France1952, 1955 - 58Jean Behra
79%
1Monaco1950Louis Chiron
75%
3Italy1955 - 56Eugenio Castellotti
67%
8Italy1951 - 53Luigi Villoresi
67%
2France1950Louis Rosier
58%
2West Germany1954 - 55Karl Kling
54%
2Argentina1953 - 54Onofre Marimon
54%
2Switzerland1952Rudolf Fischer
54%
1Spain1956Alfonso de Portago
46%
2United Kingdom1958Roy Salvadori
42%
2United Kingdom1958Stuart Lewis-Evans
42%
1Argentina1957Carlos Menditeguy
38%
1West Germany1954Hans Herrmann
38%
2U.S.A.1957 - 58Harry Schell
38%
3U.S.A1957, 1959Masten Gregory
29%
1United Kingdom1950Reg Parnell
29%
2France1952, 1954Robert Manzon
29%
1Italy1950Dorino Serafini
25%
1Belgium1956Paul Frere
25%
1United Kigdom1950Peter Whitehead
25%
2Italy1951, 1953Felice Bonetto
21%
2Italy1955 - 56Cesare Perdisa
17%
1United Kingdom1956Ron Flockhart
13%
2Italy1954 - 55Umberto Maglioli
13%

Score Distribution

Percentile by Number Answered

Percent of People with Each Score

Your Score History

You have not taken this quiz since the last reset